| 000 | 00520nam a2200205Ia 4500 | ||
|---|---|---|---|
| 003 | 0100 | ||
| 008 | 130303s9999 xx 000 0 und d | ||
| 040 | _cARRUPELIB | ||
| 050 | _aB2430.M252E53 1965 | ||
| 100 | _aMarcel, Gabriel | ||
| 245 | _aPhilosophical fragments 1904-1914 and the philosopher and peace | ||
| 260 | _aIndiana | ||
| 260 | _bUniversity of Notre Dame Press | ||
| 260 | _C1965 | ||
| 300 | _a127p. | ||
| 300 | _b 20cm. | ||
| 650 | _bExistentialism | ||
| 700 | _aBlain, Lionel A | ||
| 942 | 0 | 0 | _01 |
| 999 |
_c40107 _d40107 |
||